Statistiken für Geoguessr in Bayern und Baden Württemberg *schwer*

Klicken Sie hier um das Quiz zu spielen!

Allgemein

  • Dieses Quiz wurde 63 mal gespielt
    (41 seit der letzten Aktualisierung)
  • Das Durchschnittsergebnis liegt bei 20 aus 65

Antwortstatistiken

Antwort% Korrekt
Nürnberger Land
76%
Landkreis Augsburg
65%
Landkreis München
51%
Landkreis Traunstein
51%
Landkreis Weißenburg-Gunzenhausen
51%
Landkreis Karlsruhe
49%
Landkreis Karlsruhe
49%
Landkreis Landsberg am Lech
49%
Landkreis Sigmaringen
49%
Stadtkreis Mannheim
49%
Landkreis Schwandorf
41%
Landkreis Würzburg
41%
Bodenseekreis
38%
Landkreis Breisgau-Hochschwarzwald
38%
Landkreis Kitzingen
38%
Landkreis Rosenheim
38%
Lankreis Neustadt an der Waldnaab
38%
Landkreis Freising
35%
Landkreis Lörrach
35%
Landkreis Miesbach
35%
Landkreis Pfaffenhofen an der Ilm
35%
Landkreis Ravensburg (Baden)
35%
Heilbronner Land
32%
Landkreis Bad Kissingen
32%
Landkreis Landshut
32%
Landkreis Rottweil
32%
Ostalbkreis
32%
Rhein-Neckar-Kreis
32%
Stadtkreis Heidelberg
32%
Landkreis Donau-Ries
30%
Landkreis Main Spessart
30%
Landkreis Neumarkt in berpfalz
30%
Landkreis Neustadt an der Aisch-Bad Windsheim
30%
Landkreis Neustadt an der Waldnaab
30%
Landkreis Ostallgäu
30%
Landkreis Roth
30%
Rhein-Neckar-Kreis
30%
Stadkreis Ulm
30%
Landkreis Böblingen
27%
Landkreis Haßberge
27%
Landkreis Rottal-Inn
27%
Landkreis Schwäbisch Hall
27%
Landkreis Starnberg
27%
Hohenlohekreis
24%
Landkreis Forchheim (Bayern)
24%
Landkreis Rhön-Grabfeld
24%
Main-Tauber-Kreis
24%
Neckar-Odenwald-Kreis
24%
Ortenaukreis
24%
Schwarzwald-Baar-Kreis
24%
Kreis Unterallgäu
22%
Landkreis Altötting
22%
Landkreis Hof
22%
Landkreis Tübingen
22%
Stadtkreis Stuttgart
22%
Landkreis Ansbach
19%
Landkreis Aschaffenburg
19%
Hohenlohekreis
16%
Landkreis Rastatt
16%
Landkreis Berchtesgadener Land
14%
Landkreis Cham
11%
Landkreis Freising
11%
Landkreis Lichtenfels
11%
Landkreis Schwandorf
8%
Landkreis Schweinfurt
8%

Verteilung der Resultate

Perzentil nach korrekt beantworteten Fragen

Anzahl Personen mit jedem Resultat

Ihre Resultats-Entwicklung

Sie haben dieses Quiz seit der letzten Aktualisierung nicht gespielt